<?xml version="1.0" encoding="UTF-8"?>
<record
    xmlns:xsi="http://www.w3.org/2001/XMLSchema-instance"
    xsi:schemaLocation="http://www.loc.gov/MARC21/slim http://www.loc.gov/standards/marcxml/schema/MARC21slim.xsd"
    xmlns="http://www.loc.gov/MARC21/slim">

  <leader>01928nam a2200325 a 4500</leader>
  <controlfield tag="003">DO-SdBNP</controlfield>
  <controlfield tag="005">20220804131759.0</controlfield>
  <controlfield tag="007">ta</controlfield>
  <controlfield tag="008">220208e2015    dr a|||er|||| 001 edspa d</controlfield>
  <datafield tag="040" ind1=" " ind2=" ">
    <subfield code="a">DO-SdBNP</subfield>
    <subfield code="b">spa</subfield>
    <subfield code="c">BNPHU</subfield>
  </datafield>
  <datafield tag="082" ind1=" " ind2="4">
    <subfield code="2">22</subfield>
    <subfield code="b">G182b</subfield>
  </datafield>
  <datafield tag="100" ind1="1" ind2=" ">
    <subfield code="a">Galv&#xE1;n Abreu, Wiliam Andiel </subfield>
    <subfield code="9">82162</subfield>
  </datafield>
  <datafield tag="245" ind1="1" ind2="3">
    <subfield code="a">La b&#xFA;squeda del m&#xE9;rito en burocracias clientelistas centroamericanas:</subfield>
    <subfield code="b">las reformas del servicio civil de nicaragua y Rep&#xFA;blica Dominicana en perpectiva comparada. /</subfield>
    <subfield code="c">Wiliam Andiel Galv&#xE1;n Abreu</subfield>
  </datafield>
  <datafield tag="246" ind1="1" ind2="3">
    <subfield code="a">Las reformas del servicio civil de Nicaragua y Rep&#xFA;blica Dominicana en perspectiva comparada</subfield>
  </datafield>
  <datafield tag="260" ind1=" " ind2=" ">
    <subfield code="a">Santo Domingo :</subfield>
    <subfield code="b">Inap,</subfield>
    <subfield code="c">2015</subfield>
  </datafield>
  <datafield tag="300" ind1=" " ind2=" ">
    <subfield code="a">97 p. :</subfield>
    <subfield code="b">il. ;</subfield>
    <subfield code="c">23 cm.</subfield>
  </datafield>
  <datafield tag="500" ind1=" " ind2=" ">
    <subfield code="a">Incluye datos biogr&#xE1;ficos del autor en la solapa de la cubierta.</subfield>
  </datafield>
  <datafield tag="500" ind1=" " ind2=" ">
    <subfield code="a">Incluye bibliograf&#xED;a y notas al pi&#xE9; de p&#xE1;ginas.</subfield>
  </datafield>
  <datafield tag="500" ind1=" " ind2=" ">
    <subfield code="a">Incluye acr&#xF3;nimos.</subfield>
  </datafield>
  <datafield tag="505" ind1=" " ind2=" ">
    <subfield code="a">Presentaci&#xF3;n.</subfield>
  </datafield>
  <datafield tag="505" ind1="0" ind2=" ">
    <subfield code="a">Acr&#xF3;nimos.</subfield>
    <subfield code="t">I. Introducci&#xF3;n.--</subfield>
    <subfield code="t">II. Perspectivas te&#xF3;ricas sobre la complementaci&#xF3;n de la pol&#xED;tica y la administraci&#xF3;n p&#xFA;blica.--</subfield>
    <subfield code="t">III. La reforma del sistema de m&#xE9;ritos en la Rep&#xFA;blica Dominicana.--</subfield>
    <subfield code="t">IV. La reforma del sistema de m&#xE9;ritos en Nicaragua.--</subfield>
    <subfield code="t">V.  An&#xE1;lisis comparativo.--</subfield>
    <subfield code="t">VI. Conclusiones.--</subfield>
    <subfield code="t">VII. Recomendaciones de pol&#xED;tica.--</subfield>
    <subfield code="t">Referencias bibliogr&#xE1;ficas.--</subfield>
    <subfield code="t">Ap&#xE9;ndice A.  Ap&#xE9;ndice B.</subfield>
  </datafield>
  <datafield tag="586" ind1=" " ind2=" ">
    <subfield code="a">Ensayo ganador del Tercer Lugar Premio Nacional de Administraci&#xF3;n P&#xFA;blica.</subfield>
  </datafield>
  <datafield tag="590" ind1=" " ind2=" ">
    <subfield code="a">Inventariado, 2019 / DG</subfield>
  </datafield>
  <datafield tag="650" ind1=" " ind2="4">
    <subfield code="9">35905</subfield>
    <subfield code="a">Adminsitraci&#xF3;n P&#xFA;blica</subfield>
    <subfield code="v">Ensayos, Conferencias, etc.</subfield>
    <subfield code="z">Rep&#xFA;blica Dominicana</subfield>
  </datafield>
  <datafield tag="650" ind1=" " ind2="4">
    <subfield code="a">Adminsitraci&#xF3;n P&#xFA;blica</subfield>
    <subfield code="v">Ensayos, Conferencias, etc.</subfield>
    <subfield code="z">Nicaragua</subfield>
    <subfield code="9">82160</subfield>
  </datafield>
  <datafield tag="651" ind1=" " ind2="4">
    <subfield code="9">79289</subfield>
    <subfield code="a">Rep&#xFA;blica Dominicana</subfield>
    <subfield code="v">Ensayos, conferencias, etc</subfield>
    <subfield code="x">Instituto Nacional de Administraci&#xF3;n P&#xFA;blica</subfield>
  </datafield>
  <datafield tag="710" ind1=" " ind2="4">
    <subfield code="a">Instituto Nacional de Administraci&#xF3;n P&#xFA;blica  (Rep&#xFA;blica Dominicana)</subfield>
    <subfield code="9">82155</subfield>
  </datafield>
  <datafield tag="910" ind1=" " ind2=" ">
    <subfield code="a">MFeliz</subfield>
  </datafield>
  <datafield tag="942" ind1=" " ind2=" ">
    <subfield code="2">ddc</subfield>
    <subfield code="c">LBS1</subfield>
  </datafield>
  <datafield tag="952" ind1=" " ind2=" ">
    <subfield code="0">0</subfield>
    <subfield code="1">0</subfield>
    <subfield code="2">ddc</subfield>
    <subfield code="5">1</subfield>
    <subfield code="7">0</subfield>
    <subfield code="8">PD</subfield>
    <subfield code="a">BNPHU</subfield>
    <subfield code="b">BNPHU</subfield>
    <subfield code="c">HD</subfield>
    <subfield code="d">2021-05-27</subfield>
    <subfield code="e">Donado por Pedro Jos&#xE9; Ortega Espinal</subfield>
    <subfield code="o">G182b</subfield>
    <subfield code="p">2022-0685</subfield>
    <subfield code="r">2022-02-08</subfield>
    <subfield code="t">e.2</subfield>
    <subfield code="w">2022-02-08</subfield>
    <subfield code="y">LBS1</subfield>
  </datafield>
  <datafield tag="952" ind1=" " ind2=" ">
    <subfield code="0">0</subfield>
    <subfield code="1">0</subfield>
    <subfield code="2">ddc</subfield>
    <subfield code="5">1</subfield>
    <subfield code="7">0</subfield>
    <subfield code="8">PD</subfield>
    <subfield code="a">BNPHU</subfield>
    <subfield code="b">BNPHU</subfield>
    <subfield code="c">HD</subfield>
    <subfield code="d">2021-05-27</subfield>
    <subfield code="e">Donado por Pedro Jos&#xE9; Ortega Espinal</subfield>
    <subfield code="o">G182b</subfield>
    <subfield code="p">2022-0686</subfield>
    <subfield code="r">2022-02-08</subfield>
    <subfield code="t">e.3</subfield>
    <subfield code="w">2022-02-08</subfield>
    <subfield code="y">LBS1</subfield>
  </datafield>
  <datafield tag="952" ind1=" " ind2=" ">
    <subfield code="0">0</subfield>
    <subfield code="1">0</subfield>
    <subfield code="2">ddc</subfield>
    <subfield code="5">6</subfield>
    <subfield code="7">0</subfield>
    <subfield code="8">DS</subfield>
    <subfield code="a">BNPHU</subfield>
    <subfield code="b">BNPHU</subfield>
    <subfield code="c">CT</subfield>
    <subfield code="d">2017-04-07</subfield>
    <subfield code="e">Dep&#xF3;sito legal / INAP</subfield>
    <subfield code="o">G182b</subfield>
    <subfield code="p">2022-3645</subfield>
    <subfield code="r">2022-08-04</subfield>
    <subfield code="t">e.4</subfield>
    <subfield code="w">2022-08-04</subfield>
    <subfield code="y">LBS1</subfield>
  </datafield>
  <datafield tag="952" ind1=" " ind2=" ">
    <subfield code="0">0</subfield>
    <subfield code="1">0</subfield>
    <subfield code="2">ddc</subfield>
    <subfield code="5">1</subfield>
    <subfield code="7">0</subfield>
    <subfield code="8">PD</subfield>
    <subfield code="a">BNPHU</subfield>
    <subfield code="b">BNPHU</subfield>
    <subfield code="c">CT</subfield>
    <subfield code="d">2017-04-07</subfield>
    <subfield code="e">Dep&#xF3;sito legal / Despacho</subfield>
    <subfield code="o">G182b</subfield>
    <subfield code="p">48721-10</subfield>
    <subfield code="r">2022-08-04</subfield>
    <subfield code="w">2022-08-04</subfield>
    <subfield code="y">LBS1</subfield>
  </datafield>
  <datafield tag="999" ind1=" " ind2=" ">
    <subfield code="c">51376</subfield>
    <subfield code="d">51376</subfield>
  </datafield>
</record>
